Further studies on the Potentilleae. (Record no. 13858)

MARC details
000 -LEADER
fixed length control field 00812cam a22002531 4500
001 - CONTROL NUMBER
control field ca 09000051
003 - CONTROL NUMBER IDENTIFIER
control field DLC
005 - DATE AND TIME OF LATEST TRANSACTION
control field 20260227111048.0
008 - FIXED-LENGTH DATA ELEMENTS--GENERAL INFORMATION
fixed length control field 920605r19011901nyu 000 0 eng
010 ## - LIBRARY OF CONGRESS CONTROL NUMBER
LC control number ca 09000051
035 ## - SYSTEM CONTROL NUMBER
System control number (OCoLC)25959296
040 ## - CATALOGING SOURCE
Original cataloging agency DLC
Transcribing agency CSt
Modifying agency DLC
042 ## - AUTHENTICATION CODE
Authentication code premarc
050 00 - LIBRARY OF CONGRESS CALL NUMBER
Classification number QK1
Item number .N515 no. 13
100 1# - MAIN ENTRY--PERSONAL NAME
Personal name Rydberg, Per Axel,
Dates associated with a name 1860-1931.
245 00 - TITLE STATEMENT
Title Further studies on the Potentilleae.
Statement of responsibility, etc. By P.A. Rydberg.
260 ## - PUBLICATION, DISTRIBUTION, ETC.
Place of publication, distribution, etc. New York,
Date of publication, distribution, etc. 1901.
300 ## - PHYSICAL DESCRIPTION
Extent 173-183 p.
Dimensions 24 cm.
490 1# - SERIES STATEMENT
Series statement Contributions from the New York Botanical garden.
Volume/sequential designation no. 13
500 ## - GENERAL NOTE
General note Cover-title.
500 ## - GENERAL NOTE
General note Reprinted from the Bulletin of the Torrey Botanical Club, 28. 27 Mar., 1901.
650 #0 - SUBJECT ADDED ENTRY--TOPICAL TERM
Topical term or geographic name entry element Cinquefoils.
830 #0 - SERIES ADDED ENTRY--UNIFORM TITLE
Uniform title Contributions from the New York Botanical Garden.
Volume/sequential designation v. 13.

No items available.

Powered by Koha